[Event "SVK-chT3B2 2122"]
[Site "Slovakia"]
[Date "2022.04.10"]
[Round "8.5"]
[White "Majzlan, Blazej"]
[Black "Krajci, Hugo"]
[Result "1-0"]
[WhiteElo "1576"]
[BlackElo "1000"]
[PlyCount "33"]
[EventDate "2021.10.24"]
[EventType "team-tourn"]
[EventRounds "11"]
[EventCountry "SVK"]
[SourceTitle "EXT 2024"]
[Source "ChessBase"]
[SourceDate "2023.10.10"]
[SourceVersion "1"]
[SourceVersionDate "2023.10.10"]
[SourceQuality "1"]
[WhiteTeam "Bojnice"]
[BlackTeam "Puchov Vcielka"]
[WhiteTeamCountry "SVK"]
[BlackTeamCountry "SVK"]

1. d4 d5 2. Nf3 Nf6 3. Bg5 Nc6 4. c4 e6 5. Nc3 Be7 6. e3 h6 7. Bh4 b6 8. Bd3 Bb7 9. cxd5 exd5 10. 0-0 0-0 11. Rc1 Nb4 12. Bb1 Ba6 13. Re1 Bb7 14. a3 Nc6 15. Qc2 a5 16. Bxf6 Bxf6 17. Qh7# 1-0

[Event "SVK-ch rapid"]
[Site "Topolcany"]
[Date "2020.07.11"]
[Round "1"]
[White "Majzlan, Blazej"]
[Black "Pokrupa, Marek"]
[Result "0-1"]
[WhiteElo "1648"]
[BlackElo "2131"]
[PlyCount "94"]
[EventDate "2020.07.11"]
[EventType "swiss (rapid)"]
[EventRounds "9"]
[EventCountry "SVK"]
[SourceTitle "CBM 197 Extra"]
[Source "ChessBase"]
[SourceDate "2020.09.30"]
[SourceVersion "1"]
[SourceVersionDate "2020.09.30"]
[SourceQuality "1"]

1. d4 Nf6 2. Nf3 g6 3. Bg5 Bg7 4. Nbd2 d5 5. c3 0-0 6. e3 Nbd7 7. h3 Ne4 8. Bh4 c5 9. Bd3 cxd4 10. exd4 Ndf6 11. Qe2 Qb6 12. Nb3 a5 13. Qc2 a4 14. Nbd2 a3 15. b3 Bf5 16. 0-0 Rfc8 17. c4 Nxd2 18. Qxd2 Bxd3 19. Qxd3 dxc4 20. bxc4 Ra4 21. Rab1 Qa6 22. Ne5 Ne8 23. Rfe1 e6 24. Be7 Bxe5 25. Rxe5 Rcxc4 26. Bc5 Rc1+ 27. Qd1 Rxd1+ 28. Rxd1 Nf6 29. Kh2 Nd5 30. g3 Qc6 31. Rb1 b6 32. Rxd5 Qxd5 33. Rxb6 Rxd4 34. Rb8+ Kg7 35. Bxd4+ Qxd4 36. Kg1 Qd1+ 37. Kg2 Qd5+ 38. Kg1 Qxa2 39. Ra8 Qb1+ 40. Kh2 a2 41. h4 a1R 42. Rxa1 Qxa1 43. Kg2 h5 44. Kf3 Qe5 45. Kg2 Qe4+ 46. Kg1 Qf3 47. Kf1 e5 0-1

[Event "SVK-chT3B2 1718"]
[Site "Slovakia"]
[Date "2018.03.04"]
[Round "10.7"]
[White "Majzlan, Blazej"]
[Black "Mazur, Mario1111"]
[Result "1-0"]
[WhiteElo "1715"]
[BlackElo "1389"]
[PlyCount "81"]
[EventDate "2017.10.08"]
[EventType "team-tourn"]
[EventRounds "11"]
[EventCountry "SVK"]
[SourceTitle "EXT 2020"]
[Source "ChessBase"]
[SourceDate "2019.10.17"]
[SourceVersion "1"]
[SourceVersionDate "2019.10.17"]
[SourceQuality "1"]
[WhiteTeam "Bojnice"]
[BlackTeam "Belusa"]
[WhiteTeamCountry "SVK"]
[BlackTeamCountry "SVK"]

1. f4 d5 2. Nf3 Nc6 3. e3 Bf5 4. Bb5 e6 5. b3 Nge7 6. Bb2 a6 7. Bxc6+ Nxc6 8. d3 Qd7 9. Nbd2 0-0-0 10. Ne5 Qe8 11. Ndf3 f6 12. Nxc6 Qxc6 13. Nd4 Bb4+ 14. Kf2 Qc5 15. a3 Bc3 16. b4 Qxd4 17. exd4 Bxb2 18. Rb1 Bxd4+ 19. Kf1 Rd6 20. Qd2 Rc6 21. Rb3 Re8 22. c3 Bb6 23. h3 e5 24. g4 Bg6 25. f5 Bf7 26. Kg2 Rd8 27. a4 e4 28. d4 a5 29. Rhb1 axb4 30. Rxb4 Rdd6 31. Rb5 Be8 32. a5 Rc4 33. axb6 Bxb5 34. Rxb5 cxb6 35. g5 fxg5 36. Qxg5 g6 37. Qe7 Rcc6 38. f6 Rxf6 39. Rxd5 Kb8 40. Rd8+ Ka7 41. Qa3# 1-0

[Event "EU Amateur-ch"]
[Site "Ruzomberok"]
[Date "2016.06.07"]
[Round "2"]
[White "Sagi, Itamar"]
[Black "Majzlan, Blazej"]
[Result "1-0"]
[WhiteElo "1500"]
[BlackElo "1762"]
[PlyCount "101"]
[EventDate "2016.06.06"]
[EventType "swiss"]
[EventRounds "9"]
[EventCountry "SVK"]
[SourceTitle "CBM 172 Extra"]
[Source "ChessBase"]
[SourceDate "2016.06.21"]
[SourceVersion "1"]
[SourceVersionDate "2016.06.21"]
[SourceQuality "1"]

1. d4 Nf6 2. c4 e6 3. Bg5 Be7 4. Nc3 b6 5. f3 d5 6. cxd5 Nxd5 7. Bxe7 Qxe7 8. e4 Ne3 9. Qd2 Nxf1 10. Kxf1 Ba6+ 11. Kf2 0-0 12. Nge2 Nd7 13. Rac1 Nf6 14. e5 Nd5 15. Nxd5 exd5 16. b4 Bc4 17. h4 f6 18. Qb2 Rae8 19. Ng3 fxe5 20. Rce1 e4 21. Re3 Qd7 22. h5 exf3 23. Rxf3 Rxf3+ 24. gxf3 Qe7 25. Qd2 h6 26. a3 Qf6 27. f4 a5 28. Kf3 axb4 29. axb4 Ra8 30. Qe3 Qf8 31. Re1 Qxb4 32. Qe6+ Kh8 33. Kg4 Qd6 34. f5 Rd8 35. Re3 b5 36. Ne2 Bxe2+ 37. Rxe2 Qxe6 38. fxe6 Kg8 39. Kf5 c6 40. e7 Re8 41. Ke6 g5 42. hxg6 Kg7 43. Rg2 h5 44. Kd7 Ra8 45. e8Q Rxe8 46. Kxe8 h4 47. Kd7 h3 48. Rh2 Kxg6 49. Rxh3 Kf5 50. Kxc6 b4 51. Kxd5 1-0

[Event "Piestany op"]
[Site "Piestany"]
[Date "2013.11.23"]
[Round "7"]
[White "Tkadlecek, Petr"]
[Black "Majzlan, Blazej"]
[Result "0-1"]
[WhiteElo "1745"]
[BlackElo "1797"]
[PlyCount "54"]
[EventDate "2013.11.18"]
[EventType "swiss"]
[EventRounds "7"]
[EventCountry "SVK"]
[SourceTitle "CBM 157 Extra"]
[Source "ChessBase"]
[SourceDate "2013.12.19"]
[SourceVersion "1"]
[SourceVersionDate "2013.12.19"]
[SourceQuality "1"]

1. d4 Nf6 2. Nf3 e6 3. Bf4 c5 4. e3 d5 5. Bb5+ Bd7 6. a4 a6 7. Be2 Be7 8. b3 Nc6 9. Ne5 0-0 10. h4 cxd4 11. exd4 Nxe5 12. Bxe5 Ne4 13. h5 Bb4+ 14. Kf1 Qg5 15. Qd3 Qc1+ 16. Qd1 Qb2 17. c3 Bxc3 18. Na3 Qxa1 19. Qxa1 Bxa1 20. f3 f6 21. Bf4 e5 22. dxe5 fxe5 23. Bh2 Nd2+ 24. Kf2 Bd4+ 25. Kg3 Ne4+ 26. Kh4 Bf2+ 27. g3 Rf4# 0-1

[Event "Piestany op"]
[Site "Piestany"]
[Date "2013.11.21"]
[Round "5"]
[White "Sturc, Jan"]
[Black "Majzlan, Blazej"]
[Result "1/2-1/2"]
[WhiteElo "1992"]
[BlackElo "1797"]
[PlyCount "123"]
[EventDate "2013.11.18"]
[EventType "swiss"]
[EventRounds "7"]
[EventCountry "SVK"]
[SourceTitle "CBM 157 Extra"]
[Source "ChessBase"]
[SourceDate "2013.12.19"]
[SourceVersion "1"]
[SourceVersionDate "2013.12.19"]
[SourceQuality "1"]

1. e4 c5 2. Nf3 e6 3. d4 cxd4 4. Nxd4 Nf6 5. Nc3 d6 6. Bg5 a6 7. f4 Be7 8. Qf3 Nc6 9. 0-0-0 Qc7 10. g4 Bd7 11. Nb3 b5 12. e5 dxe5 13. fxe5 Nd5 14. Bxe7 Ncxe7 15. Nxd5 Nxd5 16. Qg3 Nb4 17. c3 Bc6 18. Bg2 Bxg2 19. Qxg2 0-0 20. Rhe1 Nd5 21. Kb1 b4 22. cxb4 Nxb4 23. Qe4 Nd5 24. Rd3 a5 25. Rc1 Qb6 26. Nd4 a4 27. Rh3 g6 28. g5 a3 29. Rb3 Qd8 30. Qh4 axb2 31. Rc2 h5 32. Nc6 Qd7 33. Kxb2 Rfc8 34. Nd4 Rcb8 35. Qe1 Qa4 36. Rxb8+ Rxb8+ 37. Nb3 Nb4 38. Qb1 Nxc2 39. Qxc2 Qd4+ 40. Qc3 Qf2+ 41. Qc2 Qxc2+ 42. Kxc2 Rb5 43. a4 Rxe5 44. a5 Rxg5 45. a6 Rg4 46. Kc3 Ra4 47. Nc5 Ra5 48. Kb4 Rxa6 49. Nxa6 g5 50. Nc5 Kg7 51. Kc4 Kg6 52. Kd4 Kf5 53. Ke3 g4 54. Ne4 f6 55. Ng3+ Kg6 56. Kf4 h4 57. Ne4 e5+ 58. Kxg4 f5+ 59. Kxh4 fxe4 60. Kg3 Kg5 61. Kf2 Kf4 62. Ke2 1/2-1/2

[Event "SVK-ch Seniors-A"]
[Site "Tatranske Matliare"]
[Date "2010.06.??"]
[Round "5"]
[White "Majzlan, Blazej"]
[Black "Mocary, Metod"]
[Result "1/2-1/2"]
[WhiteElo "1897"]
[BlackElo "1991"]
[PlyCount "39"]
[EventDate "2010.06.06"]
[EventType "swiss"]
[EventRounds "9"]
[EventCountry "SVK"]
[SourceTitle "EXT 2023"]
[Source "ChessBase"]
[SourceDate "2022.10.05"]
[SourceVersion "1"]
[SourceVersionDate "2022.10.05"]
[SourceQuality "1"]

1. f4 Nf6 2. Nf3 g6 3. Nc3 d5 4. d4 Bg7 5. e3 0-0 6. Be2 Bg4 7. h3 Bxf3 8. Bxf3 c6 9. 0-0 Nbd7 10. Bd2 Nb6 11. b3 Nc8 12. Na4 Nd6 13. Qe2 Nfe4 14. Kh2 e6 15. Bb4 Re8 16. Bxd6 Nxd6 17. c4 Nf5 18. Nc5 Rb8 19. Nd3 Qh4 20. Qe1 1/2-1/2

[Event "SVK-ch Seniors"]
[Site "Tatranske Matliare"]
[Date "2008.06.13"]
[Round "8"]
[White "Majzlan, Blazej"]
[Black "Krucay, Jozef"]
[Result "1/2-1/2"]
[WhiteElo "1939"]
[BlackElo "1883"]
[PlyCount "85"]
[EventDate "2008.06.08"]
[EventType "swiss"]
[EventRounds "9"]
[EventCountry "SVK"]
[SourceTitle "EXT 2009"]
[Source "ChessBase"]
[SourceDate "2008.11.26"]
[SourceVersion "1"]
[SourceVersionDate "2008.11.26"]
[SourceQuality "1"]

1. e4 c5 2. Nc3 e6 3. g3 a6 4. Bg2 Qc7 5. d3 Nf6 6. f4 Nc6 7. Nf3 d6 8. 0-0 Be7 9. Be3 0-0 10. h3 d5 11. e5 Nd7 12. Bd2 b5 13. Ne2 f6 14. exf6 Nxf6 15. a3 Bd7 16. Be1 e5 17. fxe5 Nxe5 18. Nxe5 Qxe5 19. c3 Rad8 20. d4 Qc7 21. Nf4 Bc8 22. Qe2 Rfe8 23. Ne6 Bxe6 24. Qxe6+ Kh8 25. Qxa6 Rb8 26. Qe6 Bd6 27. Qf5 Bxg3 28. Bxg3 Qxg3 29. Qf4 Qg6 30. dxc5 Rbc8 31. Qd4 Re4 32. Rxf6 gxf6 33. Qxd5 Rg8 34. Qd2 Qh5 35. Qf2 f5 36. Re1 Rxe1+ 37. Qxe1 f4 38. Qf2 Qg5 39. Qd4+ Rg7 40. Qe4 h5 41. Kf1 Re7 42. Qd4+ Rg7 43. Qe4 1/2-1/2

[Event "SVK-ch Seniors op"]
[Site "Tatranske Matliare"]
[Date "2007.06.11"]
[Round "3"]
[White "Sturc, Gustav"]
[Black "Majzlan, Blazej"]
[Result "1-0"]
[WhiteElo "2164"]
[BlackElo "1943"]
[PlyCount "41"]
[EventDate "2007.06.10"]
[EventType "swiss"]
[EventRounds "9"]
[EventCountry "SVK"]
[SourceTitle "EXT 2008"]
[Source "ChessBase"]
[SourceDate "2007.11.25"]
[SourceVersion "1"]
[SourceVersionDate "2007.11.25"]
[SourceQuality "1"]

1. e4 c5 2. c3 Nf6 3. e5 Nd5 4. d4 cxd4 5. Nf3 d6 6. exd6 Qxd6 7. cxd4 Qb4+ 8. Nc3 a6 9. Bd2 Qd6 10. Ne5 Nf6 11. Bf4 Qd8 12. Bc4 e6 13. 0-0 Be7 14. d5 0-0 15. Qf3 exd5 16. Nxd5 Be6 17. Nxf6+ Bxf6 18. Bxe6 Bxe5 19. Bxe5 fxe6 20. Qxb7 Qd5 21. Qxg7# 1-0